Junie B. Jones es una peluquera / (Record no. 20740)
[ view plain ]
| 000 -LEADER | |
|---|---|
| fixed length control field | 01729nam a2200493Ia 4500 |
| 001 - CONTROL NUMBER | |
| control field | sjds1106632 |
| 003 - CONTROL NUMBER IDENTIFIER | |
| control field | sjds |
| 005 - DATE AND TIME OF LATEST TRANSACTION | |
| control field | 20180521145010.0 |
| 008 - FIXED-LENGTH DATA ELEMENTS--GENERAL INFORMATION | |
| fixed length control field | 041015t20042004nyua b 000 1 eng |
| 020 ## - INTERNATIONAL STANDARD BOOK NUMBER | |
| International Standard Book Number | 0439661242 (pbk.) |
| 020 ## - INTERNATIONAL STANDARD BOOK NUMBER | |
| International Standard Book Number | 9780439661249 (pbk.) |
| 035 ## - SYSTEM CONTROL NUMBER | |
| System control number | 313027 |
| 035 ## - SYSTEM CONTROL NUMBER | |
| System control number | (OCoLC)56747346 |
| 035 ## - SYSTEM CONTROL NUMBER | |
| System control number | 313027 |
| 040 ## - CATALOGING SOURCE | |
| Original cataloging agency | SO$ |
| Transcribing agency | SO$ |
| Modifying agency | OCLCQ |
| -- | BAKER |
| -- | IFA |
| -- | UtOrBLW |
| 041 1# - LANGUAGE CODE | |
| Language code of text/sound track or separate title | spa |
| Language code of original | eng |
| 049 ## - LOCAL HOLDINGS (OCLC) | |
| Holding library | IFAA |
| 099 ## - LOCAL FREE-TEXT CALL NUMBER (OCLC) | |
| Classification number | CHILDREN ESPANOL FICTION PARK |
| 999 ## - SYSTEM CONTROL NUMBERS (KOHA) | |
| Koha Dewey Subclass [OBSOLETE] | CHILDREN ESPANOL FICTION PARK |
| 100 1# - MAIN ENTRY--PERSONAL NAME | |
| Personal name | Park, Barbara, |
| Relator term | author. |
| 240 10 - UNIFORM TITLE | |
| Uniform title | <a href="Junie B. Jones is a beauty shop guy.">Junie B. Jones is a beauty shop guy.</a> |
| Language of a work | Spanish |
| 245 10 - TITLE STATEMENT | |
| Title | Junie B. Jones es una peluquera / |
| Statement of responsibility, etc. | por Barbara Park ; ilustrado por Denise Brunkus. |
| 260 ## - PUBLICATION, DISTRIBUTION, ETC. (IMPRINT) | |
| Place of publication, distribution, etc. | New York : |
| Name of publisher, distributor, etc. | Scholastic, |
| Date of publication, distribution, etc. | c2004 |
| 264 #1 - PRODUCTION, PUBLICATION, DISTRIBUTION, MANUFACTURE, AND COPYRIGHT NOTICE | |
| Place of production, publication, distribution, manufacture | New York : |
| Name of producer, publisher, distributor, manufacturer | Scholastic, |
| Date of production, publication, distribution, manufacture, or copyright notice | [2004] |
| 264 #4 - PRODUCTION, PUBLICATION, DISTRIBUTION, MANUFACTURE, AND COPYRIGHT NOTICE | |
| Date of production, publication, distribution, manufacture, or copyright notice | c2004 |
| 300 ## - PHYSICAL DESCRIPTION | |
| Extent | 67 pages : |
| Other physical details | illustrations ; |
| Dimensions | 19 cm. |
| 336 ## - CONTENT TYPE | |
| Content type term | text |
| Content type code | txt |
| Source | rdacontent |
| 337 ## - MEDIA TYPE | |
| Media type term | unmediated |
| Media type code | n |
| Source | rdamedia |
| 338 ## - CARRIER TYPE | |
| Carrier type term | volume |
| Carrier type code | nc |
| Source | rdacarrier |
| 490 1# - SERIES STATEMENT | |
| Series statement | Junie B. Jones series |
| 500 ## - GENERAL NOTE | |
| General note | "This edition is only available for distribution through the school market"--P. [4] of cover. |
| 526 0# - STUDY PROGRAM INFORMATION NOTE | |
| Program name | Accelerated Reader |
| Interest level | LG |
| Reading level | 2.0 |
| Title point value | 1.0 |
| Public note | 24936SP |
| 650 #0 - SUBJECT ADDED ENTRY--TOPICAL TERM | |
| Topical term or geographic name as entry element | Beauty shops |
| Form subdivision | Juvenile fiction. |
| 650 #0 - SUBJECT ADDED ENTRY--TOPICAL TERM | |
| Topical term or geographic name as entry element | Hair |
| Form subdivision | Juvenile fiction. |
| 650 #0 - SUBJECT ADDED ENTRY--TOPICAL TERM | |
| Topical term or geographic name as entry element | Kindergarten |
| Form subdivision | Juvenile fiction. |
| 650 #0 - SUBJECT ADDED ENTRY--TOPICAL TERM | |
| Topical term or geographic name as entry element | Schools |
| Form subdivision | Juvenile fiction. |
| 650 #7 - SUBJECT ADDED ENTRY--TOPICAL TERM | |
| Topical term or geographic name as entry element | Salones de belleza |
| Form subdivision | Novela juvenil. |
| Source of heading or term | bidex |
| 650 #7 - SUBJECT ADDED ENTRY--TOPICAL TERM | |
| Topical term or geographic name as entry element | Cabello |
| Form subdivision | Novela juvenil. |
| Source of heading or term | bidex |
| 650 #7 - SUBJECT ADDED ENTRY--TOPICAL TERM | |
| Topical term or geographic name as entry element | Jardines infantiles |
| Form subdivision | Novela juvenil. |
| Source of heading or term | bidex |
| 650 #7 - SUBJECT ADDED ENTRY--TOPICAL TERM | |
| Topical term or geographic name as entry element | Escuelas |
| Form subdivision | Novela juvenil. |
| Source of heading or term | bidex |
| 700 1# - ADDED ENTRY--PERSONAL NAME | |
| Personal name | Brunkus, Denise, |
| Relator term | illustrator. |
| 800 1# - SERIES ADDED ENTRY--PERSONAL NAME | |
| Personal name | Park, Barbara. |
| Title of a work | Junie B. Jones series. |
| 942 ## - ADDED ENTRY ELEMENTS (KOHA) | |
| Koha item type | Libro/Book |
No items available.